000 00496nam a2200169Ia 4500
003 GCL
008 140319s9999 xx 000 0 eng d
040 _aGCL /
_cGCL
082 0 4 _a615
_bM M
100 1 _aMC CARTHY, G.
245 1 0 _aMULTIPLE CHOICE QUESTION IN CLINICAL PHARMACOLOGY FOR THE HIGH LEVEL EXAMINATION /
_cMC CARTHY, G.
700 1 _aMIRAKHUR, RAJINDER
260 _a[S.N] :
_bEDWARD ARNOLD ،
_c1992
300 _a127 P
650 0 4 _aPHARMACOLOGY - EXAMINATION
942 _2ddc
_cBK
999 _c21054
_d21054